Generational accounts in the Czech Republic

Guardado en:
Detalles Bibliográficos
Autor principal: Dybczak, Kamil
Formato: Libro
Lenguaje:inglés
Publicado: Praha Czech National Bank 2006
Colección:Working paper series 2/2006
Materias:
Etiquetas: Agregar Etiqueta
Sin Etiquetas, Sea el primero en etiquetar este registro!

MARC

LEADER 00000nam$a2200000$$$4500
001 0052257
005 20240503084916.9
041 0 |a eng 
044 |a CZ 
245 1 0 |a Generational accounts in the Czech Republic  |c Kamil Dybczak 
264 1 |a Praha  |b Czech National Bank  |c 2006 
300 |a 29 s. 
490 1 |a Working paper series  |v 2/2006 
830 0 |a Working paper series  |v 2/2006 
610 2 0 |a banky 
610 2 0 |a výskum 
610 2 0 |a rozpočty 
610 2 0 |a účty 
610 2 0 |a politika fiškálna 
610 2 0 |a modelovanie ekonometrické 
610 2 0 |a Česko 
100 1 |a Dybczak, Kamil